Nuclear electronics
Gespeichert in:
| 1. Verfasser: | |
|---|---|
| Format: | Buch |
| Sprache: | Englisch |
| Veröffentlicht: |
London :
John Wiley & Sons,
1974
|
| Tags: |
Keine Tags, Fügen Sie das erste Tag hinzu!
|
MARC
| LEADER | 00000nam a22000003a 4500 | ||
|---|---|---|---|
| 001 | stu219391 | ||
| 005 | 20190206124614.4 | ||
| 008 | 101214s1974----uk------------------eng-d | ||
| 040 | |a STU |b slo | ||
| 041 | 0 | |a eng | |
| 044 | |a uk | ||
| 080 | |a 539 |7 stu_us_auth*stu6136 | ||
| 080 | |a 621.38 | ||
| 100 | 1 | |a Nicholson, P.W. |4 aut | |
| 245 | 1 | |a Nuclear electronics | |
| 260 | |a London : |b John Wiley & Sons, |c 1974 | ||
| 300 | |a 14, 388 s | ||
| 996 | |b E40980 |c E*40980 |l EE10 |s P |a 0 |w stu219391_0001 | ||